000 00467cam a2200181ua 4500
001 21075
008 160920n II |||gr||||Z||||||eng
040 _aMAIN
041 _aEnglish
082 _a823 MUK
100 _aMUKHOPADHYAY, DR. ARUN KR.,
_eAUTHOR.
245 _aR.K.NARAYAN`S FICTION : A SEARCH FOR ROOTS AND IDENTITY
250 _a1ST.
260 _aNEW DELHI:
_bAXIS BOOKS .,
_c2013.
300 _a245:
_c20CM.
653 _aEnglish fiction
942 _cBK
999 _c20935
_d20935